000 01877nam a2200277Ia 4500
999 _c53532
_d53532
001 20578
003 GE_BSU
005 20210223234908.0
008 181216s2015||||ge |||||||||||||| ||geo||
020 _a9789941034404
040 _cGE_BSU
041 _ageo
080 _a504.4 +371.315.7 ბ-96
245 _aბუნებრივი კატასტროფების რისკის შემცირების სწავლება ინტერაქტიული მეთოდებით :
_bდამრიგებლის წიგნი (მე-5-9 კლასები) /
_cმანანა რატიანი, ანასტასია ქიტიაშვილი, ნინო ლაბარტყავა და სხვ. ; რედ. მაია მელიქიძე.
264 _aთბილისი :
_bსაქ. განათ. და მეცნ. სამინისტრო,
_c2015.
300 _a111 გვ. :
_bილ. ;
_c30 მ.
541 _h38ლ. 50თ.
653 _aბუნებრივი კატასტროფების რისკის შემცირების სწავლება ინტერაქტიული მეთოდებით
653 _aპრევენციული ღონისძიებები
653 _aქცევის წესები კატასტროფის დროს
700 _aრატიანი, მანანა
_eავტორი
_910209
700 _aქიტიაშვილი, ანასტასია
_eავტორი
_92706
700 _aლაბარტყავა, ნინო
_eავტორი
_92707
700 _dმელიქიძე, მაია
_eრედაქტორი
_92712
942 _cBK
_2udc